| 000 | 01794nam a22003737a 4500 | ||
|---|---|---|---|
| 003 | OSt | ||
| 005 | 20250701165215.0 | ||
| 008 | 210916b2009 ck ac||er|||| 00| pdspa d | ||
| 020 | _a9789588471129 | ||
| 040 |
_aCO-JMCR _cCO-JMCR |
||
| 041 | 0 | _aspa | |
| 082 | 0 | 4 |
_aA-P _bPOEp _223 |
| 245 | 0 | 0 |
_aPoemas iluminados / _cSanta Teresa de Jesús, Fray Luis de León, San Juan de la Cruz [y 1 más] ; selección e introducción de Julio Paredes Castro |
| 250 | _aPrimera edición | ||
| 260 |
_aBogotá : _bAlcaldía Mayor de Bogotá : Secretaría Distrital de Cultura, Recreación y Deporte : Fundación Gilberto Alzate Avendaño, _c2009 |
||
| 300 |
_a102 páginas : _bilustraciones y retratos a blanco y negro ; _c17 cm. |
||
| 490 | 0 |
_aLibro al viento ; _v58 |
|
| 500 | _aIncluye datos biográficos de los autores. | ||
| 505 | 0 | _aSanta Teresa de Jesús 1515-1582 -- Fray Luis de León 1527-1591 -- San Juan de la Cruz 1542-1591 -- Sor Juana Inés de la Cruz 1648-1695 | |
| 600 | 1 | 4 |
_aTeresa de Jesús _cSanta _d1515-1582 _vColecciones de escritos _940555 |
| 600 | 1 | 4 |
_aLeón, Luis Ponce de, _cFray _d1527-1591 _vColecciones de escritos _940556 |
| 600 | 1 | 4 |
_aJuan de La Cruz _cSanto _d1542-1591 _vColecciones de escritos _940557 |
| 600 | 1 | 4 |
_aJuana Inés de La Cruz _d1651-1695 _cSor _vColecciones de escritos _940558 |
| 650 | 1 | 4 |
_aPoesía española _9381 |
| 650 | 2 | 4 |
_aLiteratura española _9555 |
| 650 | 2 | 4 |
_aEspiritualidad en la literatura _913474 |
| 650 | 2 | 4 |
_aEmociones en la literatura _9610 |
| 700 | 1 |
_aSanta Teresa de Jesús, _eautora _940559 |
|
| 700 | 1 |
_aFray Luis de León, _eautor _940560 |
|
| 700 | 1 |
_aSan Juan de la Cruz, _eautora _940561 |
|
| 700 | 1 |
_aSor Juana Inés de la Cruz, _eautora _940562 |
|
| 700 | 1 |
_aParedes Castro, Julio, _ecompilador _914038 |
|
| 942 |
_2ddc _cBK |
||
| 999 |
_c15615 _d15615 |
||